Counties of Massachusetts - Statistics

General Stats
  • This quiz has been taken 26 times
  • The average score is 10 of 14
Answers on the Map
Answers color-coded by a green-red scale on the quiz's map according to % correct below.
 
Answer Stats
County % Correct
Barnstable
86%
Essex
86%
Middlesex
79%
Nantucket
79%
Worcester
79%
Berkshire
71%
Dukes
71%
Plymouth
71%
Suffolk
71%
Bristol
64%
Hampshire
64%
Norfolk
64%
Hampden
57%
Franklin
50%
No matching quizzes found
Score Distribution
Percent of People with Each Score
Percentile by Number Answered
Your Score History
You have not taken this quiz